Molecular medical microbiology / (Record no. 172547)

MARC details
000 -LEADER
fixed length control field 01236pam a2200349 i 4500
001 - CONTROL NUMBER
control field 016829093
003 - CONTROL NUMBER IDENTIFIER
control field OSt
005 - DATE AND TIME OF LATEST TRANSACTION
control field 20260109122158.0
008 - FIXED-LENGTH DATA ELEMENTS--GENERAL INFORMATION
fixed length control field 140818s2015 ne a j b |0|1 0|eng|d
020 ## - INTERNATIONAL STANDARD BOOK NUMBER
International Standard Book Number 9780123971692 (Hardcover)
Terms of availability USD 252.00
020 ## - INTERNATIONAL STANDARD BOOK NUMBER
International Standard Book Number 9780128012406 (Volume 1)
020 ## - INTERNATIONAL STANDARD BOOK NUMBER
International Standard Book Number 9780128012437 (Volume 2)
020 ## - INTERNATIONAL STANDARD BOOK NUMBER
International Standard Book Number 9780128012413 (Volume 3)
040 ## - CATALOGING SOURCE
Original cataloging agency StDuBDS
Language of cataloging eng
Transcribing agency StDuBDS
Modifying agency Uk
Description conventions rda
050 ## - LIBRARY OF CONGRESS CALL NUMBER
Classification number QR46 MOL
245 00 - TITLE STATEMENT
Title Molecular medical microbiology /
Statement of responsibility, etc. edited by Yi-Wei Tang, Max Sussman, Dongyou Liu, Ian Poxton and Joseph Schwartzman.
250 ## - EDITION STATEMENT
Edition statement Second edition.
260 ## - PUBLICATION, DISTRIBUTION, ETC.
Place of publication, distribution, etc. Amsterdam :
Name of publisher, distributor, etc. Academic Press,
Date of publication, distribution, etc. ©2015.
300 ## - PHYSICAL DESCRIPTION
Extent xxi, 2145 pages :
Other physical details Illustrations ;
Dimensions 29 cm.
336 ## - CONTENT TYPE
Content type term text
Source rdacontent
Content type code txt
337 ## - MEDIA TYPE
Media type term unmediated
Source rdamedia
Media type code n
338 ## - CARRIER TYPE
Carrier type term volume
Source rdacarrier
Carrier type code nc
504 ## - BIBLIOGRAPHY, ETC. NOTE
Bibliography, etc. note Includes bibliographical references and index.
650 #0 - SUBJECT ADDED ENTRY--TOPICAL TERM
Topical term or geographic name entry element Medical microbiology.
650 #0 - SUBJECT ADDED ENTRY--TOPICAL TERM
Topical term or geographic name entry element Molecular microbiology.
700 1# - ADDED ENTRY--PERSONAL NAME
Personal name Tang, Yi-Wei
Relator term Editor
700 1# - ADDED ENTRY--PERSONAL NAME
Personal name Sussman, Max
Relator term Editor
700 1# - ADDED ENTRY--PERSONAL NAME
Personal name Liu, Dongyou
Relator term Editor
700 1# - ADDED ENTRY--PERSONAL NAME
Personal name Poxton, Ian
Relator term Editor
700 1# - ADDED ENTRY--PERSONAL NAME
Personal name Schwartzman, Joseph
Relator term Editor
942 ## - ADDED ENTRY ELEMENTS (KOHA)
Source of classification or shelving scheme Library of Congress Classification
Koha item type Ordinary Loan Books
Edition Second edition.
Classification part QR46 MOL
Call number prefix QR
Call number suffix MOL
Suppress in OPAC No
Holdings
Withdrawn status Lost status Source of classification or shelving scheme Damaged status Not for loan Collection Home library Current library Shelving location Date acquired Source of acquisition Cost, normal purchase price Total Checkouts Full call number Barcode Date last seen Accession number Cost, replacement price Price effective from Koha item type Public note
    LCC     NFIC MAIN MAIN GEN 01/09/2026 Book Aid International 252.00   QR46 MOL 92004056396 01/09/2026 63064 252.00 01/09/2026 BOOKS Donation